00508nam a2200181Ia 4500003000900000008004100009040001300050040001300063041000800076100002800084100000900112245015400121250001200275260001600287260000900303300000800312490000600320IT-RoPAU120407s9999 xx 000 0 und d aIT-RoPAU cIT-RoPAU aita aMaria Romana De Gasperi ccur. aDe Gasperi scrive. Corrispondenza con capi di stato, cardinali, uomini politici, giornalisti, diplomatici. 2 voll. A cura di Maria Romana De Gasperi. aBrescia aMorcelliana c1974 c cm v1